Las Tensiones entre la criminalidad internacional y las garanta̕s propias de un estado de derecho en un mundo globalizado

Detalles Bibliográficos
Otros Autores: Cuerda Riezu, Antonio, Ropero Carrasco, Jl︢ia
Formato: Libro
Lenguaje:español
Publicado: Madrid : Dykinson, 2008
Colección:Ciencias jurd̕icas y sociales ; 83
Materias:
Acceso en línea:Acceso restringido

MARC

LEADER 00000nam a2200000 a 4500
005 20110822121657.0
008 081202s2008 sp | 000 0 spa c
020 |a 8498490375 
020 |a 9788498490374 
035 |a 5372 
040 |d vLex 
080 |a 343.9 
090 |c 2246  |d 2246 
245 0 4 |a Las Tensiones entre la criminalidad internacional y las garanta̕s propias de un estado de derecho en un mundo globalizado   |c Antonio Cuerda Riezu, director ; Julia Ropero Carrasco ...[et al.], coordinacin̤ y edicin̤  |h [Recurso electrn̤ico] / 
256 |a Servicio en ln̕ea. 
260 |a Madrid :  |b Dykinson,  |c 2008 
300 |a 472 p. ;  |c 24 cm. 
506 1 |a Contenido solo disponible en los productos indicados  |d vLex Global  |d vLex Global (Academic Edition, excluding Law Schools)  |d vLex Global (U.S. Academic Edition, Law Schools)  |d vLex Global (U.S. Academic Edition, excluding Law Schools)  |d vLex Global (Academic Edition, Law Schools) 
650 0 4 |a Criminologa̕ 
650 0 4 |a Delitos internacionales 
650 0 4 |a Derechos humanos 
650 0 4 |a Globalizacin̤ 
700 1 |a Cuerda Riezu, Antonio 
700 1 |a Ropero Carrasco, Jl︢ia 
740 0 |a vLex Libros (Servicio en ln̕ea) 
830 0 |a Ciencias jurd̕icas y sociales ;  |v 83 
856 4 0 |u http://vlex.com/source/5372  |z Acceso restringido 
942 |c BOOK